000 00303nam a2200121Ia 4500
008 241014s9999||||xx |||||||||||||| ||und||
020 _a0-19-566963-0
100 _aMartin,Elizabeth
245 0 _aMinidictionary for Nurses
260 _bOxford University Press
_c2007
300 _a725
942 _bION
_cBK
999 _c18482
_d18482